Dessin animé Looney Tunes par image - Statistiques

Statistiques générales
  • Ce quiz a été pris 60 fois
  • Le résultat moyen est 9 sur 16
Statistiques - réponses
Par images Réponse % Correct
Bugs Bunny
94%
Taz
92%
Bip bip
90%
Titi
88%
Daffy duck
84%
Coyote
71%
Lola Bunny
65%
Speedy Gonzales
65%
Mémé
49%
Sylvestre
49%
Porky pig
47%
Sam le pirate
39%
Pépé le putois
29%
Marvin le martien
27%
Elmer fudd
20%
Gossamer
16%
Aucun quiz correspondant
Distribution des résultats
% des personnes avec chaque résultat
Percentile par nombre de réponses
Votre historique - résultats
Vous n’avez pas pris ce quiz